Ružiná 1499-1999 (monografia)

Bibliographic Details
Main Authors: Drenko, Jozef, 1941- (Author), Šupín, Mikuláš, 1953- (Author)
Format: Book
Language:Slovak
PhysicalDescription:153 s. fotogr., mp., tab. 24 cm
Published: Ružiná Obec Ružiná 1999
ISBN:8096823817
Subjects:

MARC

LEADER 00000cam a2200000 a 4500
001 vtls001381020
003 SK-MaSNL
005 20260301201522.0
008 240226s1999 xo ab rn 000 0 slo
015 |a SNBA2000/03-00832 
020 |a 8096823817 
035 |a SNK000335025 
035 |a urn:nbn:sk:snk-amkkk1 
035 |a urn:nbn:sk:snk-am003v5v 
035 |a ABC2A221-95A6-422B-9BC4-C14737DC3A2F 
040 |a SNK  |b slo  |c SNK  |e AACR2 
041 0 |a slo 
044 |a xo  |c SK 
080 |a 943.764.8-22"1499/1999"  |2 1981 
100 1 |a Drenko, Jozef,  |d 1941-  |4 aut  |9 99944 
245 1 0 |a Ružiná 1499-1999  |b (monografia)  |c Jozef Drenko, Mikuláš Šupín 
260 |a Ružiná  |b Obec Ružiná  |c 1999 
300 |a 153 s.  |b fotogr., mp., tab.  |c 24 cm 
504 |a Bibliogr. na s. 152-153 
650 0 7 |a dejiny obcí  |2 SNKPH  |9 164834 
650 0 7 |a regionálne dejiny  |2 SNKPH  |9 63645 
651 7 |a Ružiná (Slovensko)  |2 SNKPHgeo  |9 183097 
655 7 |a monografie  |2 SNKPH  |9 70139 
700 1 |a Šupín, Mikuláš,  |d 1953-  |4 aut  |9 201668 
919 |a 80-968238-1-7 
958 |a TL 
958 |a NB 
999 |c 895113  |d 897043 
952 |t P60, <03>, [BOOK], {603}  |a SNK  |b SNK  |y PREZ  |7 0  |p 17A0224659  |o snkSC 100561  |i snkKSP 641/2000  |0 0  |1 0  |4 0  |d 2000-01-18  |f 1  |l 0  |r 2025-09-19 00:00:00  |w 2026-02-24 
952 |t P60, <04>, [BOOK], {604}  |a SNK  |b SNK  |y VYP  |7 0  |p 17A0224660  |o snkSC 100561 D1  |i snkKSP 642/2000  |0 0  |1 0  |4 0  |d 2000-01-18  |l 0  |r 2005-01-02 00:00:00  |w 2026-02-24